Lazarus, come forth! : (Record no. 4348)
[ view plain ]
| 000 -LEADER | |
|---|---|
| fixed length control field | 00868cam a22002414a 4500 |
| 001 - CONTROL NUMBER | |
| control field | 16682459 |
| 003 - CONTROL NUMBER IDENTIFIER | |
| control field | GBCCL |
| 005 - DATE AND TIME OF LATEST TRANSACTION | |
| control field | 20241126110516.0 |
| 008 - FIXED-LENGTH DATA ELEMENTS--GENERAL INFORMATION | |
| fixed length control field | 110308s2011 nyu 000 0 eng |
| 010 ## - | |
| -- | 2011008822 |
| 040 ## - CATALOGING SOURCE | |
| Original cataloging agency | DLC |
| Transcribing agency | DLC |
| Modifying agency | YDX |
| -- | UKMGB |
| -- | KAT |
| -- | YDXCP |
| -- | BWX |
| -- | MNJ |
| -- | CDX |
| -- | BTCTA |
| -- | DLC |
| 050 00 - | |
| -- | BT367.R36 |
| -- | D43 2011 |
| 082 00 - DEWEY DECIMAL CLASSIFICATION NUMBER | |
| Classification number | 232.955 |
| Edition information | 22 |
| Item number | TAI |
| 100 1# - MAIN ENTRY--PERSONAL NAME | |
| Personal name | Taine, Paul |
| 9 (RLIN) | 8186 |
| 245 10 - TITLE STATEMENT | |
| Title | Lazarus, come forth! : |
| Remainder of title | the story of Jewish man, who was raised from the dead to the glory of God / |
| Statement of responsibility, etc. | Paul Taine |
| 260 ## - PUBLICATION, DISTRIBUTION, ETC. | |
| Place of publication, distribution, etc. | London : |
| Name of publisher, distributor, etc. | Oliphants, |
| Date of publication, distribution, etc. | 1967. |
| 300 ## - PHYSICAL DESCRIPTION | |
| Extent | 124 p. ; |
| Dimensions | 21 cm. |
| 650 #0 - SUBJECT ADDED ENTRY--TOPICAL TERM | |
| Topical term or geographic name entry element | Raising of Lazarus (Miracle) |
| 9 (RLIN) | 8187 |
| 650 #0 - SUBJECT ADDED ENTRY--TOPICAL TERM | |
| Topical term or geographic name entry element | Nonviolence |
| General subdivision | Biblical teaching. |
| 9 (RLIN) | 8188 |
| 906 ## - LOCAL DATA ELEMENT F, LDF (RLIN) | |
| a | 7 |
| b | cbc |
| c | orignew |
| d | 1 |
| e | ecip |
| f | 20 |
| g | y-gencatlg |
| 942 ## - ADDED ENTRY ELEMENTS (KOHA) | |
| Source of classification or shelving scheme | Dewey Decimal Classification |
| Koha item type | Books |
| Withdrawn status | Lost status | Source of classification or shelving scheme | Damaged status | Not for loan | Home library | Current Library | Shelving location | Date acquired | Total checkouts | Full call number | Barcode | Date last seen | Date last checked out | Copy number | Price effective from | Koha item type |
|---|---|---|---|---|---|---|---|---|---|---|---|---|---|---|---|---|
| Dewey Decimal Classification | GRACE BIBLE COLLEGE | GRACE BIBLE COLLEGE | Theology | 2018-01-18 | 1 | 232.955 TAI | 002377 | 2025-05-01 | 2025-02-11 | c.1 | 2018-01-18 | Books |